| 000 | 01394nam a22001937a 4500 | ||
|---|---|---|---|
| 999 |
_c63030 _d63030 |
||
| 003 | Ge_BSU | ||
| 005 | 20250513150758.0 | ||
| 008 | 250513s2022 ge ||||| |||| 00| 0 geo d | ||
| 020 | _a9789941501517 | ||
| 041 | _ageo | ||
| 080 | _a615(075) გ-59 | ||
| 100 |
_aგოგოლაური, მანანა _96289 |
||
| 245 |
_aბაზისური ფარმაკოლოგია : _bსახელმძღვანელო ფიზიკური მედიცინისა და რეაბილიტაციის, საზოგადოებრივი ჯანმრთელობის დაცვის და ზოგადსაგანმანათლებლო პროგრამის (საექთნო საქმე, ბებია-ქალი) ფაკულტეტების სტუდენტებისათვის : (ბაკალავრის პროგრამა). ნაწილი 3 / _cმანანა გოგოლაური ; რედაქტორი ლუიზა გაბუნია. |
||
| 264 |
_aთბილისი : _bნეკერი, _c 2022. |
||
| 300 |
_a224 გვ. : _bილ. ; _c21 სმ. |
||
| 653 | _a ფარმაკოლოგია | ||
| 700 |
_aგაბუნია, ლუიზა _eრედაქტორი _96288 |
||
| 942 |
_2udc _cᲬᲘᲒᲜᲘ |
||